| 000 | 01502nam a22003497a 4500 | ||
|---|---|---|---|
| 003 | AR-BaRoUNCS | ||
| 005 | 20260305085940.0 | ||
| 007 | ta | ||
| 008 | 131009s2009 ag gr 001 f spa | ||
| 015 | _aAR-2009 | ||
| 020 | _a978-987-1565-12-2 | ||
| 040 |
_aAR-BaBN _bspa _cAR-RoUNCS _eaacr |
||
| 041 | 1 |
_aspa _heng |
|
| 044 |
_aag _car-c |
||
| 080 | 1 |
_a82-32(73) _22016 |
|
| 100 | 1 |
_aCollins, Wilkie, _d1824-1889 _eautor _4aut |
|
| 245 | 1 | 0 |
_aCallejón sin salida / _cWilkie Collins y Charles Dickens ; [traducción de Laura Pizzi]. |
| 250 | _a1a ed. | ||
| 260 |
_aCiudad Autónoma de Buenos Aires : _bLetra Impresa, _c2009. |
||
| 300 |
_a174 p. ; _c20 cm. |
||
| 490 | 0 | _aGeneración Z | |
| 500 | _aTítulo original: No thoroughfare. | ||
| 500 | _aIncluye material para analizar la obra. | ||
| 520 | 3 | _aUna novela de suspenso escrita por dos maestros del género: Wilkie Collins y Charles Dickens. Entre dudas, engaños, desencuentros y el peligro siempre latente de una trampa mortal, sus personajes viven una historia de amor, intriga y revelaciones. El misterio siempre se hace presente en esta novela que debe leerse desde el principio al fin, sin abandonarla ni por un instante. (Notas del editor) | |
| 650 | 7 |
_2embne _aLiteratura inglesa |
|
| 655 | 7 |
_aNovelas cortas _2embne |
|
| 655 | 7 |
_aNovelas de suspense _2embne |
|
| 700 | 1 |
_aDickens, Charles, _d1812-1870 |
|
| 700 | 1 |
_aPizzi, Laura _etraductora _4trl |
|
| 751 |
_aBuenos Aires _elugar de publicación _4pup |
||
| 942 |
_2udc _cOG _n0 |
||
| 999 |
_c928 _d928 |
||